000 00657nam a22001817a 4500
999 _c185526
_d185526
005 20220203143236.0
010 _aENG-131381
020 _a9789390531691
_c550.00
035 _aEN-114913
037 _bDBAD
082 _a954.02
100 _aMenon, Sujata
245 _aA History of Medieval India:
_bFor UPSC and State Civil Services Examinations/
_cSujata Menon
260 _aUttar Pradesh
_bPearson India Education Services
_c2022
270 _a15th Flooor, Tower-B, World Trade Tower, Plot No. 1, Block-C, Sector-16
_bNoida
_e201301
_mcompanysecretary.india@pearson.com
300 _avp.
_c25cm(pbk)
942 _2ddc
_cEN
_h954.02
_mMEN